000 00319nam a2200121Ia 4500
008 220216s9999 xx 000 0 und d
100 _aHastings J D
245 0 _aLatex straining materials
260 _bJournal of the Rubber Research Institute of Malaya
_c1936
300 _a55-67
700 _aSekar K C
942 _cJS
999 _c62087
_d62087